000 00449nam a2200181Ia 4500
001 24732
005 20260414151103.0
008 260414t2000||||xx |||||||||||||| ||spa||
041 _aESP
082 _a345.727
_bO68
100 _aOrmachea Choque, Iván
_eAUT
245 0 _aManual de conciliación procesal y pre procesal
_b
260 _c2000
300 _a222 páginas :
_ccm.
650 _aDER
654 _aCDE
942 _cLIB
_dJUS
_fJUS
_2ddc
_n
999 _c24732
_d24732